000 00596nam a22002057a 4500
999 _c35693
_d35693
003 OSt
005 20250331164209.0
008 161013b xxu||||| |||| 00| 0 eng d
020 _a978-99923-0-193-7
040 _cBMC
_aCRI
082 _a808.0687284
100 1 _92343
_aMéndez, José María
245 1 4 _aLas mormonas y otros cuentos
_cJosé María Méndez
250 _a1a ed.
260 _aSan Salvador
_bDirección de Publicaciones e Impresos
_c2010?
300 _a144 p.
_c18 cm.
500 _aIndice: p.143
650 0 _929639
_aCuentos salvadoreños
942 _2ddc
_cBK
_hprozim